|
|
|
|
| LEADER |
00000nam0a2200000 4500 |
| 001 |
50281 |
| 005 |
20231031032813.0 |
| 035 |
|
|
|a (RuTPU)RU\TPU\book\52658
|
| 090 |
|
|
|a 50281
|
| 100 |
|
|
|a 20030414d1978 km y0rusy50 ca
|
| 101 |
0 |
|
|a rus
|
| 102 |
|
|
|a RU
|
| 105 |
|
|
|a a z 001zy
|
| 200 |
1 |
|
|a Экономическая эффективность новой техники в машиностроении
|f А. П. Ковалев, Н. К. Кочалос, А. А. Колобов
|
| 210 |
|
|
|a Москва
|c Машиностроение
|d 1978
|
| 215 |
|
|
|a 255 с.
|c ил.
|
| 320 |
|
|
|a Библиогр.: с. 250-253
|
| 610 |
1 |
|
|a машиностроение
|
| 610 |
1 |
|
|a передовые технологии
|
| 610 |
1 |
|
|a внедрение
|
| 610 |
1 |
|
|a техника
|
| 610 |
1 |
|
|a экономическая эффективность
|
| 610 |
1 |
|
|a организация
|
| 610 |
1 |
|
|a планирование
|
| 675 |
|
|
|a 621.002:658.58
|v 3
|
| 700 |
|
1 |
|a Ковалев
|b А. П.
|g Анатолий Павлович
|
| 701 |
|
1 |
|a Кочалос
|b Н. К.
|g Николай Константинович
|
| 701 |
|
1 |
|a Колобов
|b А. А.
|g Альберт Алексеевич
|
| 801 |
|
1 |
|a RU
|b 63413507
|c 20030414
|g PSBO
|
| 801 |
|
2 |
|a RU
|b 63413507
|c 20190402
|g PSBO
|
| 942 |
|
|
|c BK
|